Die andere Seite der Literaturgeschichte

Titel: Die andere Seite der Literaturgeschichte : Kubin und die Phantastik - eine Einführung
Verfasser:
In: Magische Nachtgeschichte, (1995), Seite 9-24
alle Artikel anzeigen
Veröffentlicht: [1995]
Format: Aufsatz
Sprache: Deutsch
Kein Bild verfügbar
X
alg: 39146724
001A    $01999:11-11-16 
001B    $01999:15-05-21 $t20:54:19.000 
001D    $01999:11-11-16 
001U    $0utf8 
001X    $00 
002@    $0Aox 
003@    $0391467247 
007A    $0391467247 $aHEB 
007T    $0Herd05750 
010@    $ager 
011@    $a1995 $n[1995] 
021A    $aDie @andere Seite der Literaturgeschichte $dKubin und die Phantastik - eine Einführung 
028A    $aRuthner $dClemens 
031A    $h9-24 $j1995 
039B    $aIn $8--Aax--. Magische Nachtgeschichte. - [Linz] : Residenz, [1995]. - 154 S.. - Abb. $x199500000000000991 $9395370787 
045F    $a929.094371 $eDDC23BSB 
045F/01 $a929 
045F/03 $g4371 

lok: 39146724 78

exp: 39146724 78 1 #EPN
201B/01 $025-10-18 $t06:45:44.000 
201U/01 $0utf8 
203@/01 $0787561320 
208@/01 $a11-11-16 $be 
209A/01 $a/ $f000 $x00 
220C/01 $aTitelaufnehmer: rk;ml 
244Z/01 $#Tschechien $#Tschechische Republik $#Tschechische Republik $#Tschechenland $#Tschechei Tschechien $#Česká Republika $#Czech Republic $#ČR $74303381-7 $8--Tg1--Tschechien $x01 $9086659812 
244Z/01 $2Trx $#Böhmen $#Bohemia $#Czechy $8--Trx--Čechy $x02 $9391188941 
244Z/01 $aGeschichte 1877-1959 $x03 
244Z/01 $#Kubin-Herzmanovsky, ... $#Kubin, Alfred Leopold Isidor $#Kubin, Alfred L. I. $#Kumpin, Alphrent $#Kubin, A. $#Cubin, Alfred $7118567365 $8--Tp1--Kubin, Alfred$Z1877-1959 $x04 $9086908391 
244Z/01 $2Trx $#maalrid $#dailininkai $#painters artists $#festö $#malarze artyści $#maliari $#malíři $8--Trx--Maler$gKünstler $x05 $9391383302 
244Z/01 $2Trx $#illustratsioonid $#iliustracijos $#Illustrations $#illusztrációk $#ilustracje $#ilustrácie $#ilustrace $8--Trx--Illustrationen $x06 $9391374591 
244Z/01 $2Trx $#kirjanikud $#rašytojai $#writers $#írók $#pisarze $#spisovatelia $#spisovatelé $8--Trx--Schriftsteller $x07 $9391382659 
244Z/01 $2Trx $8--Trx--Einzelbeiträge $x08 $9391384570 
245Z/01 $a12.03 $x01 
247C/01 $82080>Marburg/Lahn, Herder-Institut, Forschungsbibliothek, Bibliographieportal $9336309341
LEADER 00000caa a22000002c 4500
001 391467247
003 DE-603
005 20210515205419.0
007 tu
008 161111s1995 xx |||| | u00||u|ger c
035 |a (DE-599)HEB391467247 
040 |a DE-603  |b ger  |c DE-603  |d DE-603 
041 |a ger 
082 0 4 |8 1\u  |a 929.094371  |q DE-101  |2 23/BSB 
085 |8 1\u  |b 929 
085 |8 1\u  |z 2  |s 4371 
100 1 |a Ruthner, Clemens 
245 0 0 |a ˜Dieœ andere Seite der Literaturgeschichte  |b Kubin und die Phantastik - eine Einführung 
264 0 |c [1995] 
773 0 8 |i In  |t Magische Nachtgeschichte  |d [Linz] : Residenz, [1995]  |h 154 S., Abb.  |g (1995), Seite 9-24  |w (DE-603)395370787 
924 0 |9 2080  |a (DE-603)787561320  |b DE-2080  |c HES  |d d  |g /